Parlaments regionals i procediment d'adopció de decisions a la Unió Europea / Miquel Palomares Amat
ISBN:
84-393-6881-X
Descripción Física:
297 p. ; 24 cm
Colección:
Testimonis parlamentaris ; 21
MARC
| LEADER | 00000nam a2200000Ia 4500 | ||
|---|---|---|---|
| 001 | 17220 | ||
| 008 | 160829s2005 xx 000 0 cat d | ||
| 020 | |a 84-393-6881-X | ||
| 080 | |a D-3-60 | ||
| 100 | |a Palomares Amat, Miquel |9 28086 | ||
| 245 | |a Parlaments regionals i procediment d'adopció de decisions a la Unió Europea / Miquel Palomares Amat | ||
| 260 | |a Barcelona : |b Parlament de Catalunya, |c 2005 | ||
| 300 | |a 297 p. ; |c 24 cm | ||
| 490 | |a Testimonis parlamentaris ; 21 | ||
| 590 | |a Textos en català, castellà, francès i anglès | ||
| 650 | |a Poder legislatiu |x Unió Europea, Països de la |9 22284 | ||
| 710 | 1 | |a Catalunya. |b Parlament |9 11492 | |
| 901 | |a Arxiu | ||
| 942 | |n 1 | ||
| 952 | |0 1 |1 0 |2 udc |4 0 |5 2 |6 D360 |7 1 |9 44664 |a Arxiu |b Arxiu |d 2016-12-01 |l 0 |o D-3-60 |p 17220 |r 2016-12-01 00:00:00 |w 2016-12-01 |y ARXIU | ||
| 999 | |c 47245 |d 47245 | ||